| 000 | 00845nam a2200289 a 4500 | ||
|---|---|---|---|
| 001 | 0000579 | ||
| 003 | DO-SdBNP | ||
| 005 | 20171110125154.0 | ||
| 007 | 0000579 | ||
| 008 | 140711s 2007 xxk a 000 0 spa d | ||
| 020 | _a9781861978226 | ||
| 040 |
_aBPMSU _bspa _cBPMSU |
||
| 082 | 4 |
_a658.4 _bR643g |
|
| 100 | 1 |
_aRoberts, Paul _d1964- |
|
| 245 | 1 | 0 |
_aGuide to proyect management _bachieving lasting benefit through effective change / _cPaul Roberts |
| 260 |
_aLondon : _bProfile, _c2007. |
||
| 300 |
_a311 p. ; _bil. _c23 cm. |
||
| 490 | _aThe economist | ||
| 500 | _aIncluye Ãndice | ||
| 500 | _aIncluye glosario | ||
| 650 | 4 | _aADMINISTRACIÓN DE PROYECTOS | |
| 830 | 0 | _aThe economist | |
| 910 | _aValidado. Control de calidad MFF | ||
| 942 |
_2ddc _cBK |
||
| 945 | _aInventariado, 2017/MFF | ||
| 956 |
_aYLOCKWARD _b10 _lBND01 _h1027 |
||
| 999 |
_c11052 _d11052 |
||